000 01048nam0a22003131 4500
001 RU\INFOCOMM_429\NLR\5000009178
005 20250614081204.0
035 _a(NLR Aleph) 010631175
090 _a10636383
_c10636383
100 _a20130329d1965 |||y0rusy50 ca
101 1 _aeng
_crus
102 _aRU
105 _ay z||||
200 1 _aˆAn ‰outline history of Africa
_fY. Savelyev, G. Vasilyev
_g[Transl. from the Russ. by David Skvirsky]
210 _aM.
_cProgress
_d1965
215 _a144 с.
_d17 см
300 _aНа 4-й с. обл.: Ю. Савельев, Г. Васильев. Краткий очерк истории Африки
607 _aАфрика
_xИстория
_2nlr_sh1
620 _aМосква
686 _aИ7-500
_2rubbk
700 1 _9z02790
_aSavel'ev
_bJu. E.
701 1 _9z03790
_aVasil'ev
_bG.
790 1 _9z02700
_aSavelyev
_bY.
_4070
790 1 _9z03701
_aVasilyev
_bG.
_4070
801 1 _aRU
_bInfocomm
_c20130329
801 0 _aRU
_bINFOCOMM
_gPSBO
852 _aNLR
_jИ87 Г-1/5
942 _cBOOK
980 _aNB